The Round Table: The Commonwealth Journal of International Affairs (Record no. 38734)
[ view plain ]
| 000 -LEADER | |
|---|---|
| fixed length control field | 00495nam a2200145Ia 4500 |
| 022 ## - INTERNATIONAL STANDARD SERIAL NUMBER | |
| ISSN | 00358533 |
| 050 ## - CALL MARK | |
| Classification number | AP 4. R68/ |
| 245 #4 - TITLE STATEMENT | |
| Title | The Round Table: The Commonwealth Journal of International Affairs |
| 260 ## - PUBLICATION, DISTRIBUTION, ETC. (IMPRINT) | |
| Year of publication | 2020 |
| 300 ## - PHYSICAL DESCRIPTION | |
| Number of Pages | 495 p. :ill. ; 24cm. |
| 650 ## - SUBJECT ADDED ENTRY--TOPICAL TERM | |
| Topical Term | Great Britain--Politics and government--20th century--Periodicals. Commonwealth countries--Politics and government--Periodicals. |
| 942 ## - ADDED ENTRY ELEMENTS (KOHA) | |
| Koha item type | Serials |
No items available.